Генеральная топографическая карта Эстляндской губернии

Доступно только в Электронных читальных залах Найти на картеНа карте
RUSMARC
00003633nmc2a2200000 x 450
001d2e6e102-1b4c-4b70-bdc0-5b2537271b77
00520151218172746.0
100##$a20151012l18041804k l0rusy0189 ca
1010#$arus
102##$aRU
2001#$aГенеральная топографическая карта Эстляндской губернии
$j1804 г.
251##$cДело
105##$ab###
801#0$aRU
$bРГИА
$c20151012
$gRCR
801#1$aRU
$bГлавНИВЦ
$c20151012
$2rusmarc
801#2$aRU
$bПБ им. Б.Н. Ельцина
$c20151218
$gRCR
$2rusmarc
850##$aРГИА
852##$aРГИА
$eФедеральное казенное учреждение "Российский государственный исторический архив" (РГИА)
$j239
937##$hРГИА
$d12154099
$aASBIBLIO_SCAN
462#0$1001dcd89104-8d20-40fa-811e-bb92fb080979
$12001
$aКарты, планы и чертежи Петербургского сенатского архива за 1732-1917 гг.
$1251
$cОпись
$1852
$j1
461#0$1001ac81bd0a-ee7e-4d64-837e-48e7e073b90f
$12001
$aКарты, планы и чертежи Петербургского Сенатского архива (коллекция)
$1251
$cФонд
$1852
$j1399
215##$a1 карта
$cкарт.
$d60х125 см
371##$aДокумент не является опубликованным и широко распространяемым
1222#$ad
330##$aГенеральная географическая карта Эстляндской губернии, разделенной на четыре уезда, сочинена в 1804 году в Ревеле
035##$ad2e6e102-1b4c-4b70-bdc0-5b2537271b77
Формат отображения